000 00299nam a22001337a 4500
003 OSt
005 20231128132651.0
008 231128b |||||||| |||| 00| 0 eng d
040 _cCO-JMCR
082 _aC /
_bZOHm
100 _aho-ang, Zo,
_942988
245 _aMi nombre es hoy /
942 _2ddc
_cBK
999 _c30400
_d16784